000 00652nam a2200241 i 4500
001 C2-0009789
003 PPAK
005 20190630221901.0
008 970129s1989 enka|||| ||||| | eng d
020 _a1855400637
040 _aPPAK
_beng
_cPPAK
_erda
082 0 4 _a823
_223
090 0 0 _a823
_bDIC
_dK
100 1 _aDick, Terrance,
_eauthor
245 1 0 _aGoliath and the cub Scouts
264 1 _aLondon :
_bPiccadilly Press ,
_c1989
300 _a50 pages :
_billustrations ;
_c20 cm
336 _2rdacontent
_atext
337 _2rdamedia
_aunmediated
338 _2rdacarrier
_avolume
650 1 0 _aChildren's stories, English
942 _ddc
_cB
999 _c2535
_d2535